000 00989nam a2200229Ia 4500
999 _c39507
_d39507
001 6103
003 GE_BSU
005 20190919170614.0
008 181216s1968||||ge |||||||||||||| ||geo||
040 _cGE_BSU
041 _ageo
080 _a821.353.1-343 ა-87
100 _aასათიანი, მამია
_94148
245 _aგეგუთის ძელქვები :
_bლეგენდები, მწერლის ჩანაწერები /
_cასათიანი, მამია ; რედ. ნ. ინასარიძე.
264 _aთბილისი :
_bსაბჭოთა საქართველო ;
_c1968.
300 _a438 გვ. ;
_c21სმ.
653 _aგეგუთის ძელქვები
653 _aლეგენდები
653 _aმწერლის ჩანაწერები
700 _aინასარიძე, ნ.
_eრედაქტორი
_91193
942 _cBK
_2udc